| 000 | 00610nam a2200217Ia 4500 | ||
|---|---|---|---|
| 003 | OSt | ||
| 005 | 20251105125239.0 | ||
| 008 | 210210b2008 xxu||||| |||| 00| 0 eng d | ||
| 020 | _a8177132202 | ||
| 040 | _cAL | ||
| 041 | _aKannada | ||
| 082 | _a305.895487K KANK | ||
| 100 |
_aKANNADA PUSTAKA PRADHIKARA _d ಕನ್ನಡ ಪುಸ್ತಕ ಪ್ರಾಧಿಕಾರ _9244134 |
||
| 245 |
_aKorama _bಕೊರಮ |
||
| 260 |
_aBengaluru _bKannada Pustaka Pradhikara _c2008 |
||
| 300 | _axxx,198 | ||
| 650 |
_aKorama _9244135 |
||
| 690 |
_aSocial Groups _9244136 |
||
| 906 | _a064397 | ||
| 942 |
_2ddc _cBK |
||
| 999 |
_c116393 _d116393 |
||